000 00336nam a2200145Ia 4500
008 230718s9999 xx 000 0 und d
041 _aEng.
082 _a345.05
_bNAZ-C
100 _aNazim. S. M
245 0 _aCode of Criminal Procedure
260 _aPakistan
_bMansoor book
_c2004
300 _a700
650 _aLaw
999 _c29629
_d29629